Vista normal Vista MARC

Entrada Topical Term

Número de registros utilizados en: 2

001 - CONTROL NUMBER

  • control field: 68752

003 - CONTROL NUMBER IDENTIFIER

  • control field: OSt

005 - DATE AND TIME OF LATEST TRANSACTION

  • control field: 20260213202751.0

008 - FIXED-LENGTH DATA ELEMENTS

  • fixed length control field: 260213|| aca||aabn | a|a d

040 ## - CATALOGING SOURCE

  • Original cataloging agency: OSt
  • Transcribing agency: OSt

150 ## - HEADING--TOPICAL TERM

  • Topical term or geographic name entry element: Lenguaje por señas
  • Form subdivision: Álbum Juvenil

670 ## - SOURCE DATA FOUND

  • Source citation: Work cat.: (OSt)60467: Gutiérrez Llano, Pilar 1967- 65373, Mil orejas









Instituto Departamental de Cultura del Meta - Red Departamental de Bibliotecas Públicas del Meta.